[Event "CFriend CP-2005-P-00039"]
[Site "Chessfriend.com"]
[Date "2005.10.01"]
[Round "1"]
[White "Salguera, Alfredo"]
[Black "Peetoom, Frank F"]
[Result "0-1"]
[WhiteElo "1700"]
[BlackElo "1732"]
[PlyCount "46"]
[EventDate "2005.??.??"]
[EventType "tourn (corr)"]
[EventRounds "6"]
[SourceTitle "Corr 2008"]
[Source "ChessBase"]
[SourceDate "2008.06.24"]
[SourceVersion "1"]
[SourceVersionDate "2008.06.24"]
[SourceQuality "1"]

1. e4 e5 2. Nf3 Nc6 3. d3 d6 4. g3 g6 5. Bg2 Bg7 6. Nbd2 f5 7. 0-0 fxe4 8. Nxe4 Nge7 9. h4 d5 10. Neg5 h6 11. Nh3 Bg4 12. Qd2 Qd7 13. Kh2 0-0-0 14. Nfg1 g5 15. f3 Be6 16. h5 Rhf8 17. Nf2 Nf5 18. c3 e4 19. dxe4 Nxg3 20. f4 Nxf1+ 21. Bxf1 Rxf4 22. Bh3 Rdf8 23. Kg3 Be5 0-1

[Event "CFriend PAN-ch corr 0405"]
[Site "Chessfriend.com"]
[Date "2005.02.01"]
[Round "1"]
[White "Esquivel Golcher, Luis"]
[Black "Salguera, Alfredo"]
[Result "0-1"]
[WhiteElo "1952"]
[BlackElo "1700"]
[PlyCount "36"]
[EventDate "2005.??.??"]
[EventType "tourn (corr)"]
[EventRounds "6"]
[SourceTitle "Corr 2008"]
[Source "ChessBase"]
[SourceDate "2008.06.24"]
[SourceVersion "1"]
[SourceVersionDate "2008.06.24"]
[SourceQuality "1"]

1. e4 d5 2. exd5 Nf6 3. Nf3 e6 4. dxe6 Bxe6 5. Be2 Nc6 6. 0-0 Be7 7. d4 Qd7 8. c4 Bf5 9. Nc3 0-0-0 10. d5 Nb4 11. a3 Nc2 12. Ra2 c5 13. b4 Nd4 14. Nxd4 cxd4 15. Qxd4 a6 16. Rd1 Rhe8 17. c5 Ng8 18. c6 Qc7 0-1

[Event "CFriend PAN-ch corr 0405"]
[Site "Chessfriend.com"]
[Date "2005.02.01"]
[Round "1"]
[White "Salguera, Alfredo"]
[Black "De Leon, Javier"]
[Result "1-0"]
[WhiteElo "1700"]
[BlackElo "2036"]
[PlyCount "81"]
[EventDate "2005.??.??"]
[EventType "tourn (corr)"]
[EventRounds "6"]
[SourceTitle "Corr 2008"]
[Source "ChessBase"]
[SourceDate "2008.06.24"]
[SourceVersion "1"]
[SourceVersionDate "2008.06.24"]
[SourceQuality "1"]

1. d4 d5 2. Nf3 Nf6 3. c4 c6 4. Nc3 e6 5. Bf4 dxc4 6. e4 b5 7. a3 Bb7 8. Be2 Nbd7 9. 0-0 Be7 10. h3 0-0 11. Qc2 a6 12. Rfd1 c5 13. d5 exd5 14. exd5 Re8 15. d6 Bf8 16. a4 Qb6 17. Nd2 Re6 18. Nf3 Ne4 19. axb5 axb5 20. Rxa8 Bxa8 21. Nxb5 Qxb5 22. Bxc4 Qb4 23. Bxe6 fxe6 24. Ra1 Bc6 25. Qe2 Qb3 26. Re1 Bd5 27. Nd2 Nxd2 28. Qxd2 Qb7 29. f3 Qb6 30. Ra1 Bxd6 31. Bxd6 c4+ 32. Kh1 Qxd6 33. Ra7 h6 34. Ra8+ Kf7 35. Ra7 Kg6 36. Qd4 Ne5 37. Qf4 Kh7 38. Qg3 Nf7 39. Qg4 Kg8 40. Qg6 Qf8 41. Qh5 1-0

[Event "IECG CP.2000.P.00041"]
[Site "IECG email"]
[Date "2000.10.01"]
[Round "?"]
[White "Salguera, Alfredo"]
[Black "Hoffmann, Michael"]
[Result "0-1"]
[WhiteElo "1700"]
[BlackElo "1109"]
[PlyCount "40"]
[EventDate "2000.10.01"]
[EventType "tourn (corr)"]
[EventRounds "6"]
[EventCountry "RUS"]
[SourceTitle "Corr 2008"]
[Source "ChessBase"]
[SourceDate "2008.06.24"]
[SourceVersion "1"]
[SourceVersionDate "2008.06.24"]
[SourceQuality "1"]

1. e4 c5 2. Nf3 d6 3. d3 Nc6 4. g3 g6 5. Bg2 Bg7 6. 0-0 Nf6 7. Nbd2 0-0 8. Re1 Qc7 9. Qe2 b5 10. a3 Bb7 11. e5 dxe5 12. Nxe5 Nd4 13. Qd1 Bxg2 14. Kxg2 Nd5 15. Ndf3 Rfd8 16. Nxd4 cxd4 17. Ng4 Qc6 18. Kg1 Rac8 19. Re2 Rc7 20. Bh6 Bh8 0-1